Statistics for Kraje a okresy Slovenska podle mapy

Click here to take the quiz!

General Stats

  • This quiz has been taken 22 times
  • The average score is 50 of 87

Answer Stats

Answer% Correct
76Košice I
95%
79Košice II
95%
77Košice III
95%
78Košice IV
95%
62Prešov
95%
45Bratislava I
89%
42Bratislava II
89%
44Bratislava III
89%
46Bratislava IV
89%
43Bratislava V
89%
12Banská Bystrica
84%
56Poprad
84%
49Trenčín
84%
1Čadca
79%
4Liptovský Mikuláš
79%
29Nitra
79%
48Nové Mesto nad Váhom
79%
27Nové Zámky
79%
34Trnava
79%
8Žilina
79%
G{Banskobystrický} kraj
74%
26Komárno
74%
F{Košický} kraj
74%
E{Prešovský} kraj
74%
23Banská Štiavnica
68%
A{Bratislavský} kraj
68%
25Levice
68%
55Považská Bystrica
68%
C{Trenčiansky} kraj
68%
21Zvolen
68%
6Martin
63%
70Michalovce
63%
47Myjava
63%
H{Nitriansky} kraj
63%
5Ružomberok
63%
41Senec
63%
D{Žilinský} kraj
63%
61Bardejov
58%
11Dolný Kubín
58%
32Dunajská Streda
58%
67Humenné
58%
57Kežmarok
58%
39Malacky
58%
15Rimavská Sobota
58%
37Senica
58%
38Skalica
58%
66Snina
58%
71Trebišov
58%
B{Trnavský} kraj
58%
13Brezno
53%
33Galanta
53%
53Ilava
53%
10Kysucké Nové Mesto
53%
58Levoča
53%
40Pezinok
53%
52Prievidza
53%
60Sabinov
53%
9Bytča
47%
18Detva
47%
65Medzilaborce
47%
2Námestovo
47%
75Spišská Nová Ves
47%
64Stropkov
42%
3Tvrdošín
42%
50Bánovce nad Bebravou
37%
72Košice-okolie
37%
16Lučenec
37%
51Partizánske
37%
36Piešťany
37%
54Púchov
37%
73Rožňava
37%
59Stará Ľubovňa
37%
63Svidník
37%
31Topoľčany
37%
68Vranov nad Topľou
37%
22Žiar nad Hronom
37%
30Zlaté Moravce
37%
35Hlohovec
32%
17Poltár
32%
14Revúca
32%
69Sobrance
32%
19Veľký Krtíš
32%
74Gelnica
26%
28Šaľa
21%
24Žarnovica
21%
20Krupina
16%
7Turčianske Teplice
16%

Score Distribution

Percentile by Number Answered

Percent of People with Each Score

Your Score History

You have not taken this quiz